01416nab a2200217 i 4500001000400000003000400004005001700008008003900025040000800064080001200072080000800084100015000092245016100242260001000403500002100413520052900434650001400963650001600977700014600993773005901139BPPBPK20190610114405.0140425s1983 pl f |000 0 pol cBPK a621.921 a666 aWOŹNIAK, Kazimierz.d1980 - 1989.bWyższa Szkoła Inżynierska w Koszalinie - Instytut Inżynierii Materiałowej,cZakład Chemii Fizycznej aPodstawy technologii wytwarzania ściernic ceramicznych pracujących z podwyższonymi prędkościami obwodowymi /cKazimierz Woźniak, Daniela Herman. c1983. aDane z autopsji. aW artykule omówiono naprężenia w pracujących ściernicach, a prędkość obwodowa. Przeprowadzono analizę kryteriów doboru spoiw ceramicznych do węglika krzemu i elektrokorundów. Przedstawiono wpływ składu tlenkowego i surowcowego spoiw na mikrotwardość i wytrzymałość mechaniczną. Omówiono reaktywność spoiw w stosunku do materiałów ściernych oraz spoiwa dewitryfikacyjne. Przeanalizowano parametry obróbki termicznej, a krystalizacja spoiw i ich wytrzymałość mechaniczna. 0aCeramika. 0aŚciernica aHERMAN, Daniela.d1974 - 1996.bWyższa Szkoła Inżynierska w Koszalinie - Instytut Inżynierii Materiałowej, cZakład Chemii Fizycznej iW :tSzkło i Ceramika. -g1983, R. 34, nr 1, s. 28-34